00443nam a2200145Ia 4500008004100000040001900041041001200060082001900072245007700091260003500168300002100203650002500224700003000249850001800279131103s9999 xx 000 0 und d aLoreto College aEnglish a038/STUbLCLIB 4aThe Random house dictionary of the English languagecStuart Berg Flexner aNew YorkbRandom Housecc 1968 a1568p. c 28c.m. aDictionary - english aFlexner, Stuart Berg; ed. aLCLIB/038/STU